| 000 | 00508nam a22001817a 4500 | ||
|---|---|---|---|
| 003 | MPLRDC | ||
| 005 | 20220105061153.0 | ||
| 008 | 210129b ||||| |||| 00| 0 eng d | ||
| 020 | _a978-986-90605-1-6 | ||
| 082 | _a192.1 ADY | ||
| 100 | _a阿迪亚香提 ADYASHANTI | ||
| 245 |
_a在生命的盛放处 _c蔡孟璇 译 |
||
| 250 | _a初版一刷 | ||
| 260 |
_a台湾 _b自由之丘文创事业,远足文化事业股份有限公司 _c2014 |
||
| 300 | _b平 | ||
| 650 | _a修身 | ||
| 942 |
_cNB _o192.1 ADY |
||
| 999 |
_c69852 _d69842 |
||